| 000 | 00571nam a2200217 4500 | ||
|---|---|---|---|
| 999 |
_c79051 _d79051 |
||
| 001 | 18792 | ||
| 003 | OSt | ||
| 005 | 20221206125109.0 | ||
| 007 | tu | ||
| 008 | 170412s1956||||||| ger | ||
| 040 |
_aDE-2950 _cDE-2950 |
||
| 100 | 1 | _aZocca, Emma | |
| 245 | 0 | 0 |
_aAssisi und Umgebung / _cEmma Zocca |
| 250 | _a1. Aufl. | ||
| 264 |
_aRom: _bInsituto Poligrafico dello Stato, _c1956. |
||
| 300 | _a104 S. : Abb. : 1 Kt. | ||
| 365 | _c€ | ||
| 440 | 0 |
_aFührer durch die Museen und Kunstdenkmäler Italiens _vNr. 81 _wR1206 |
|
| 546 | _adeutsch | ||
| 942 |
_2z _cB |
||